Klicke die Nordamerikanischen Länder auf einer Karte an - Statistiken

Allgemein
  • Dieses Quiz wurde 684 mal gespielt
  • Das Durchschnittsergebnis liegt bei 11 aus 23
Antworten auf der Karte
Die Antworten werden auf der Karte rot bzw. grün angezeigt, abhängig davon wie oft sie richtig erraten wurden.
 
Antwortstatistiken
Antwort % Korrekt
Kanada
63%
Vereinigte Staaten
63%
Mexiko
62%
Dominikanische Republik
56%
Bahamas
55%
Kuba
55%
Panama
55%
El Salvador
54%
Belize
53%
Haiti
53%
Jamaika
52%
Costa Rica
51%
Guatemala
51%
Nicaragua
50%
Honduras
49%
Trinidad und Tobago
46%
Barbados
41%
Grenada
40%
Antigua und Barbuda
38%
Sankt Vincent und die Grenadinen
34%
Dominica
32%
St. Kitts und Nevis
32%
St. Lucia
31%
Keine übereinstimmenden Quizze gefunden
Verteilung der Resultate
Anzahl Personen mit jedem Resultat
Perzentil nach korrekt beantworteten Fragen
Ihre Resultats-Entwicklung
Sie haben dieses Quiz noch nicht gespielt